000
00274 a2200133 4500
001
122109
040
_c
Escola Canadense de Niteroi
245
1
0
_a
Novo mapa da Europa
260
_a
São Paulo
650
4
_a
Mapa
650
4
_a
Geografia
650
4
_a
Europa
942
_c
MATP
999
_c
122109
_d
122109